LEADER 00803nam a2200229 i 4500 001 000000189453 003 CaOOAMICUS 005 20150204000000.0 008 150204n it u000 u ita u 013 $a167727 040 $aSeMil$bita 245 10$aOrazione ordinaria. 300 $a221 p. 490 0 $aBiblioteca di ascetica e mistica 500 $aFondo card. Giovanni Colombo. 773 0 $aMaumigny, René : de$tPratica dell'orazione mentale.$dTorino : SEI, 1933.$g1$w()31344 830 0$aBiblioteca di ascetica e mistica.$0(OLS)http://semarc/title/17176 850 $aSeMil 852 $aSeMil$W1$xVenegono$y1$m3GC V 141$j140084$B140084$CSeMilBibl$Z2$F151682 $8B 941 1 $a3 961 $aLascito: Colombo Card. Giovanni 996 $6245$aOrazione ordinaria$9(OLS)http://semarc/title/261451 LEADER 00820naa a2200157 i 4500 001 000000301531 003 CaOOAMICUS 005 20180831172724.0 008 180831n xx u000 u und u 013 $a9259 040 $aSeMil$bita 100 1 $aCarbone, Vincenzo .$0(OLS)http://semarc/name/3664 245 12$aL'azione direttiva di Paolo 6. nei periodi 2. e 3. del Concilio Ecumenico Vaticano 2. 650 4$aPaolo VI - Concilio Vaticano <2. ; 1962-1965>.$0(OLS)http://semarc/subject/47441 773 0 $tPaolo 6. e i problemi ecclesiologici al Concilio.$dBrescia : Istituto Paolo 6., 1989.$kPubblicazioni dell'Istituto Paolo 6.$z88-382-3590-2$gp.58-95$w()35472 996 $6245$aL'azione direttiva di Paolo 6. nei periodi 2. e 3. del Concilio Ecumenico Vaticano 2.$9(OLS)http://semarc/title/377525